Kam kráčíš, Brazílie?

Prezidentské voľby v Brazílii a víťazstvo Dilmy Rousseffovej ako prvej ženy - prezidentky v Brazílii. Snaha prezidentky o získanie politickej podpory v Kongrese. Ekonomický vzostup krajiny za vlády prezidenta L. I. Lulu da Silva. Zahraničné vzťahy. Budúcnosť, smerovanie brazílskej politiky pod veden...

Ausführliche Beschreibung

Gespeichert in:
Bibliographische Detailangaben
1. Verfasser: Rudolfová, Alena
Format: Buchkapitel
Sprache:Tschechisch
Schlagworte:
Tags: Tag hinzufügen
Keine Tags, Fügen Sie das erste Tag hinzu!

MARC

LEADER 00000naa a2200000 4500
001 0124811
005 20231016094547.0
041 0 |a cze 
044 |a CZ 
245 1 0 |a Kam kráčíš, Brazílie?  |c Alena Rudolfová 
520 |a Prezidentské voľby v Brazílii a víťazstvo Dilmy Rousseffovej ako prvej ženy - prezidentky v Brazílii. Snaha prezidentky o získanie politickej podpory v Kongrese. Ekonomický vzostup krajiny za vlády prezidenta L. I. Lulu da Silva. Zahraničné vzťahy. Budúcnosť, smerovanie brazílskej politiky pod vedením D. Rousseffovej. 
610 2 0 |a politika vnútorná 
610 2 0 |a voľby 
610 2 0 |a prezidenti 
610 2 0 |a rast hospodársky 
610 2 0 |a politika zahraničná 
610 2 0 |a Brazília 
100 1 |a Rudolfová, Alena